| 000 | 00826nam a2200205Ia 4500 | ||
|---|---|---|---|
| 003 | Ost | ||
| 005 | 20260507075401.0 | ||
| 008 | 260507s9999||||xx |||||||||||||| ||und|| | ||
| 040 | _cfsecg | ||
| 041 | _aara | ||
| 082 | _a330 | ||
| 100 |
_aالمبيضين، صفوان _eمؤلف |
||
| 245 | 0 |
_aتطبيقات الإدارة في منظمات الأعمال / _c صفوان المبيضين |
|
| 260 |
_aعمان: _bدار اليازوري, _c2011 |
||
| 300 |
_a159 صفحة؛ _bإيضاحات ؛ _c25 سم |
||
| 520 | _aيضم ماهية الادارة، إدارة الجودة الشاملة، الحكومة الالكترونية ، الادارة بالأهدا، الهندرة الادارية، إدارة المعرفة | ||
| 653 | _aإدارة الأعمال | ||
| 653 | _aالإدارة | ||
| 942 | _cكتاب | ||
| 999 |
_c44273 _d44273 |
||